South Park, de A à Z - Statistiques

Statistiques générales
  • Ce quiz a été pris 320 fois
  • Le résultat moyen est 15 sur 26
Statistiques - réponses
Questions Reponses % Correct
Etat dans lequel se situe South Park Colorado
92%
Cartman exige que la sienne soit respectée Autorité
88%
Alter ego du Professeur Chaos Butters
86%
Couleur de l'anorak de l'enfant immortel Orange
85%
Petite amie de Stan portant un bonnet rose Wendy
79%
Serviette modifiée génétiquement par Tynacorp Servietsky
75%
Élève de petite section né au Canada et adopté par une famille Juive Ike
74%
Pays dont Mr Garrison devient le président Usa
74%
Alter ego de Mysterion Kenny
68%
Géologue qui a affronté le bat papa Randy
68%
Nom de l amant de Mr Garisson, amateur de gerbilles Esclave
66%
Garcon particulièrement agité par sa consommation de café Tweek
65%
Avocat dont le rêve est d être un dauphin Gerald
60%
Type de course automobile dont Cartman et Kenny sont de grands fans Nascar
59%
Prénom de Butters Leopold
54%
Époque dans laquelle se passe partiellement l'épisode post covid Futur
53%
Petit ethernopien voyageant dans l espace Pascal
49%
Une des deux consoles que les garçons ont tenté d obtenir pendant le black friday Xbox One
46%
Petit amie de Cartman, devenue un temps sa copie conforme Heidi
45%
Peuple ennemi de Mr Kim le patron du City Wok Mongols
42%
Fils du prince des ténèbres Damien
38%
A chassé la grenouille hypnotique mexicaine du sud du Sri Lanka Jimbo
37%
Êtres les plus intelligents de la terre selon les aliens Vaches
33%
Créatures attaquant South Park dans l épisode conjonctivite Zombie
33%
Jeu auquel Stan doit jouer lorsqu il est aspiré par Facebook Yahtzee
25%
Petites danseuses dont la grand mère a mal vécu la nuit passée avec le grand père de Stan Quintuplées
11%
Aucun quiz correspondant
Distribution des résultats
% des personnes avec chaque résultat
Percentile par nombre de réponses
Votre historique - résultats
Vous n’avez pas pris ce quiz